Big Data as a Challenge for Project Management

Guardado en:
Detalles Bibliográficos
Autor principal: Záhumenský, Peter
Otros Autores: Olexová, Cecília, 1976-
Formato: Capítulo de libro
Lenguaje:inglés
Materias:
Etiquetas: Agregar Etiqueta
Sin Etiquetas, Sea el primero en etiquetar este registro!

MARC

LEADER 00000naa$a2200000$$$4500
001 0233316
005 20240502073805.2
041 0 |a eng 
044 |a SK 
245 1 0 |a Big Data as a Challenge for Project Management  |c Peter Záhumenský, Cecília Olexová 
500 |a Abstrakt 
610 2 0 |a dáta 
610 2 0 |a manažment strategický 
610 2 0 |a manažment produktový 
610 2 0 |a softvér 
610 2 0 |a plánovanie 
100 1 |a Záhumenský, Peter 
700 1 |a Olexová, Cecília, 1976-